| 000 | 00341nam a22001457a 4500 | ||
|---|---|---|---|
| 020 | _a978-81-317-013-48 | ||
| 082 |
_a641.2 _bCOU |
||
| 100 | _aCOUSINS, JOHN | ||
| 245 | _aFOOD & BEVERAGE MANAGEMENT | ||
| 260 |
_aNOIDA _bPEARSON PUBLISHER _c2006 |
||
| 300 | _a329 | ||
| 650 | _aFOOD & BEVERAGE | ||
| 653 | _aFOOD, BEVERAGE | ||
| 942 |
_2ddc _cBK |
||
| 999 |
_c8058 _d8058 |
||